Vista normal Vista MARC

Entrada Topical Term

Número de registros utilizados en: 1

001 - CONTROL NUMBER

  • control field: 67359

003 - CONTROL NUMBER IDENTIFIER

  • control field: OSt

005 - DATE AND TIME OF LATEST TRANSACTION

  • control field: 20251113153632.0

008 - FIXED-LENGTH DATA ELEMENTS

  • fixed length control field: 251113|| aca||aabn | a|a d

040 ## - CATALOGING SOURCE

  • Original cataloging agency: OSt
  • Transcribing agency: OSt

150 ## - HEADING--TOPICAL TERM

  • Topical term or geographic name entry element: Impresión (artes graficas)
  • General subdivision: Técnicas

670 ## - SOURCE DATA FOUND

  • Source citation: Work cat.: (OSt)59971: Mooncie, Vanessa aut 67358, Taller de impresión manual :









Instituto Departamental de Cultura del Meta - Red Departamental de Bibliotecas Públicas del Meta.